Clubs de MLS par emojis - Statistiques

Statistiques générales
  • Ce quiz a été pris 50 fois
  • Le résultat moyen est 12 sur 30
Statistiques - réponses
Hint Réponse % Correct
❤️🤍🐂🗽 New York Red Bulls
77%
💙🖤💙⚜️🇨🇦 CF Montréal
69%
🩷🖤🦩 Inter Miami
65%
💜💛🦁☀️ Orlando City
58%
❤️🖤❤️🔝🏟️ Atlanta United
54%
🩵💙🧡🗽 New York City FC
54%
💚🤍🔨 Portland Timbers
54%
❤️🤍🇨🇦 Toronto FC
54%
🖤💚🌳 Austin FC
50%
🤍💙💛🌌 Los Angeles Galaxy
50%
💚💙🗼 Seattle Sounders
50%
🧡🖤⚡️ Dynamo Houston
46%
❤️🩵🤍🔥 Chicago Fire
42%
🖤❤️🦅 D.C. United
42%
💛🖤⭐️⭐️⭐️ Columbus Crew
38%
💙🧡🦁 FC Cincinnati
38%
💙🤍⛰️🇨🇦 Vancouver Whitecaps
38%
🤍❤️💙®️ New England Revolution
35%
💙🩶↙️🇲🇽 San Diego FC
31%
💙🤍👑 Charlotte FC
27%
❤️💙⛰️ Colorado Rapids
27%
❤️💙🐂⭐️ FC Dallas
27%
❤️💙💛👑 Real Salt Lake
27%
💙🖤🤍🪽 Minnesota United
23%
💙💛🐍 Philadelphie Union
19%
🖤💛🪽 Los Angeles FC
15%
💛💙🛑 Nashville SC
15%
💙🖤⚽️🫨 San José Earthquakes
15%
🩷💙🔀 St. Louis City
15%
💙🩵🩶 Sporting de Kansas City
12%
Aucun quiz correspondant
Distribution des résultats
% des personnes avec chaque résultat
Percentile par nombre de réponses
Votre historique - résultats
Vous n’avez pas pris ce quiz